000
00204 a2200109 4500
020
_a
9780439663816
041
_a
spa
100
_a
Mireille d Allance
245
_a
No,no y no
942
_c
BK
952
_7
4
999
_c
19766
_d
19766